000
00389nam a22001337a 4500
003
SGT
020
_a
8173153675
082
_a
200
_b
D99S
100
_a
शर्मा, मनु
245
_a
द्वारका की स्थापना:कृष्ण की आत्मकथा
260
_b
प्रभात प्रकाशन
_c
1999
300
_a
413
942
_2
ddc
_c
BK
999
_c
31668
_d
31668